Klimatizácia čistých priestorov operačného traktu so začlenením do riadiaceho systému budovy

Salvato in:
Dettagli Bibliografici
Autore principale: Schmuckerová, Dominika (Autore)
Altri autori: Baloghová, Kristína (Relatore della tesi)
Natura: Manoscritto Libro
Lingua:slovacco
Pubblicazione: 2024
Soggetti:
Accesso online:http://is.stuba.sk/zp/portal_zp.pl?podrobnosti=179218
https://opac.crzp.sk/?fn=detailBiblioForm&sid=9A7D98113A4E7D6F02A775A0EB46
Tags: Aggiungi Tag
Nessun Tag, puoi essere il primo ad aggiungerne!!

MARC

LEADER 00000ntm a22000003a 4500
001 stuzp98826
003 SK-STU
005 20240927115243.7
007 ta
008 150427s2015----xo-----f-mn---000-0-slo-d
040 |a STU  |b slo 
041 0 |a slo 
100 1 |a Schmuckerová, Dominika  |u 010000  |4 aut  |T SvF Stavebná fakulta  |X 87769  |U V  |Y 10  |7 87769 
242 0 1 |a Air conditioning of the clean rooms of the operating tract with integration into the building's control system  |y eng 
245 1 0 |a Klimatizácia čistých priestorov operačného traktu so začlenením do riadiaceho systému budovy 
260 |c 2024 
650 4 |a Parný zvlhčovač  |2 slo 
650 4 |a Operačná sála  |2 slo 
650 4 |a Riadiaci systém  |2 slo 
650 4 |a Control system  |2 eng 
650 4 |a Operating room  |2 eng 
650 4 |a Steam humidifier  |2 eng 
700 1 |a Baloghová, Kristína  |4 ths  |X 32695  |7 A000032695 
856 4 |u http://is.stuba.sk/zp/portal_zp.pl?podrobnosti=179218 
856 4 |u https://opac.crzp.sk/?fn=detailBiblioForm&sid=9A7D98113A4E7D6F02A775A0EB46